| 000 | 00701nam a2200253Ia 4500 | ||
|---|---|---|---|
| 003 | OSt | ||
| 005 | 20220924131949.0 | ||
| 006 | a|||||r|||| 00| 0 | ||
| 007 | ta | ||
| 008 | 220923b |||||||| |||| 00| 0 tel d | ||
| 020 | _cRs.25 | ||
| 024 | _a345000 | ||
| 037 | _cTextual | ||
| 040 |
_aARTS _cARTS _btel |
||
| 041 |
_2tel _atel |
||
| 082 | _aO35,3NSU6,48, M8 | ||
| 100 |
_aYuddanapudi Sulochana Au. _9203390 |
||
| 245 | 0 | _aSaugandhi | |
| 260 |
_aVijayawada _bSri Maha Lakshmi Book Enterprises India _c1988 |
||
| 300 |
_a256p. _ccm. |
||
| 650 | _aTELUGU LITERATURE | ||
| 942 |
_hO35,3NSU6,48, M8 _cTEXL _2CC |
||
| 999 |
_c428783 _d428783 |
||